Review: Latin American Literatura and Arts/ (Record no. 3831)

MARC details
000 -LEADER
campo de control de longitud fija 01434nam a22004817a 4500
003 - IDENTIFICADOR DE NÚMERO DE CONTROL
campo de control OSt
005 - FECHA Y HORA DE LA ÚLTIMA TRANSACCIÓN
campo de control 20230608130626.0
008 - DATOS DE LONGITUD FIJA--INFORMACIÓN GENERAL
campo de control de longitud fija 221006b |||||||| |||| 00| 0 eng d
040 ## - FUENTE DE CATALOGACIÓN
Centro/agencia transcriptor Biblioteca Lado V
082 ## - NÚMERO DE LA CLASIFICACIÓN DECIMAL DEWEY
Número de clasificación 050
Número de ítem M113r
100 ## - ENTRADA PRINCIPAL--NOMBRE DE PERSONA
9 (RLIN) 853
Nombre de persona Mac Adam, Alfred
Término indicativo de función/relación editor
245 ## - MENCIÓN DEL TÍTULO
Título Review: Latin American Literatura and Arts/
260 ## - PUBLICACIÓN, DISTRIBUCIÓN, ETC.
Lugar de publicación, distribución, etc. Michigan
Fecha de publicación, distribución, etc. 2001
Nombre del editor, distribuidor, etc. Science Press
-- Americas Society
300 ## - DESCRIPCIÓN FÍSICA
Dimensiones 21.5x28cm
Extensión 98p.
366 ## - INFORMACIÓN SOBRE DISPONIBILIDAD COMERCIAL
Nota spa
490 ## - MENCIÓN DE SERIE
Mención de serie 62
Designación de volumen o secuencia 2001
505 ## - NOTA DE CONTENIDO CON FORMATO
Título Editor's Note
505 ## - NOTA DE CONTENIDO CON FORMATO
Título Poem
505 ## - NOTA DE CONTENIDO CON FORMATO
Título Fiction
505 ## - NOTA DE CONTENIDO CON FORMATO
Título Conversation
505 ## - NOTA DE CONTENIDO CON FORMATO
Título Art
505 ## - NOTA DE CONTENIDO CON FORMATO
Título Drama
505 ## - NOTA DE CONTENIDO CON FORMATO
Título Essay
505 ## - NOTA DE CONTENIDO CON FORMATO
Título Drama
505 ## - NOTA DE CONTENIDO CON FORMATO
Título Art
505 ## - NOTA DE CONTENIDO CON FORMATO
Título Conversation
505 ## - NOTA DE CONTENIDO CON FORMATO
Título Fiction
505 ## - NOTA DE CONTENIDO CON FORMATO
Título Art
505 ## - NOTA DE CONTENIDO CON FORMATO
Título Fiction
505 ## - NOTA DE CONTENIDO CON FORMATO
Título Poetry
505 ## - NOTA DE CONTENIDO CON FORMATO
Título Music Review
505 ## - NOTA DE CONTENIDO CON FORMATO
Título Theater Review
505 ## - NOTA DE CONTENIDO CON FORMATO
Título Book Reviews
650 ## - PUNTO DE ACCESO ADICIONAL DE MATERIA--TÉRMINO DE MATERIA
Fuente del encabezamiento o término Tesauro de Arte & Arquitectura
Término de materia o nombre geográfico como elemento de entrada AMERICA LATINA
9 (RLIN) 703
650 ## - PUNTO DE ACCESO ADICIONAL DE MATERIA--TÉRMINO DE MATERIA
Fuente del encabezamiento o término Tesauro de Arte & Arquitectura
Término de materia o nombre geográfico como elemento de entrada LITERATURA
9 (RLIN) 702
650 ## - PUNTO DE ACCESO ADICIONAL DE MATERIA--TÉRMINO DE MATERIA
Fuente del encabezamiento o término Tesauro de Arte & Arquitectura
Término de materia o nombre geográfico como elemento de entrada ARTE
9 (RLIN) 702
650 ## - PUNTO DE ACCESO ADICIONAL DE MATERIA--TÉRMINO DE MATERIA
Fuente del encabezamiento o término Tesauro de Arte & Arquitectura
Término de materia o nombre geográfico como elemento de entrada PUBLICACION PERIODICA
650 ## - PUNTO DE ACCESO ADICIONAL DE MATERIA--TÉRMINO DE MATERIA
Fuente del encabezamiento o término Tesauro de Arte & Arquitectura
Término de materia o nombre geográfico como elemento de entrada HOMENAJES
650 ## - PUNTO DE ACCESO ADICIONAL DE MATERIA--TÉRMINO DE MATERIA
Fuente del encabezamiento o término Tesauro de Arte & Arquitectura
Término de materia o nombre geográfico como elemento de entrada CIENCIAS SOCIALES
650 ## - PUNTO DE ACCESO ADICIONAL DE MATERIA--TÉRMINO DE MATERIA
Fuente del encabezamiento o término Tesauro de Arte & Arquitectura
Término de materia o nombre geográfico como elemento de entrada TECNOLOGIA
700 ## - ENTRADA AGREGADA--NOMBRE PERSONAL
Nombre de persona Navarreta, Jose Antonio
Término indicativo de función/relación editor
942 ## - ELEMENTOS DE ENTRADA SECUNDARIOS (KOHA)
Fuente del sistema de clasificación o colocación Clasificación Decimal Dewey
Tipo de ítem Koha Libros
Parte de la signatura que corresponde a la clasificación (Parte de la clasificación) 050
Parte de la signatura que identifica el ejemplar (Parte del ítem) M113r
Suprimir en OPAC No
Holdings
Estatus retirado Estado de pérdida Fuente del sistema de clasificación o colocación Especificación de materiales (volumen encuadernado u otra parte) Estado de daño No para préstamo Colección Biblioteca de origen Biblioteca actual Fecha de adquisición Enumeración/cronología de publicación seriada Número de inventario Total de préstamos Signatura topográfica completa Código de barras Visto por última vez Precio de reemplazo Tipo de ítem Koha
    Clasificación Decimal Dewey 2001     Revistas Biblioteca LadoV Biblioteca LadoV 08/06/2023 62 003530   050 M113r 003530 08/06/2023 08/06/2023 Libros